Two letter state abbreviations quiz - Statistics

General Stats
  • This quiz has been taken 238 times
  • The average score is 44 of 50
Answer Stats
Answer % Correct
AL ALABAMA
99%
AZ ARIZONA
98%
CA CALIFORNIA
98%
AR ARKANSAS
97%
CO COLORADO
97%
FL FLORIDA
97%
AK ALASKA
96%
DE DELAWARE
96%
ID IDAHO
96%
IL ILLINOIS
96%
GA GEORGIA
94%
HI HAWAII
94%
IN INDIANA
94%
KS KANSAS
94%
KY KENTUCKY
94%
NY NEW YORK
93%
IA IOWA
92%
NJ NEW JERSEY
91%
NC NORTH CAROLINA
89%
OH OHIO
89%
SC SOUTH CAROLINA
89%
TX TEXAS
89%
MT MONTANA
88%
NV NEVADA
88%
NH NEW HAMPSHIRE
88%
ND NORTH DAKOTA
88%
CT CONNECTICUT
87%
ME MAINE
87%
OK OKLAHOMA
87%
UT UTAH
87%
LA LOUISIANA
86%
OR OREGON
86%
MD MARYLAND
85%
MN MINNESOTA
85%
NM NEW MEXICO
85%
SD SOUTH DAKOTA
85%
RI RHODE ISLAND
84%
WY WYOMING
84%
PA PENNSYLVANIA
83%
VT VERMONT
82%
MI MICHIGAN
81%
MS MISSISSIPPI
81%
WA WASHINGTON
81%
TN TENNESSEE
80%
VA VIRGINIA
79%
MA MASSACHUSETTS
78%
WI WISCONSIN
78%
NE NEBRASKA
76%
WV WEST VIRGINIA
76%
MO MISSOURI
75%
No matching quizzes found
Score Distribution
Percent of People with Each Score
Percentile by Number Answered
Your Score History
You have not taken this quiz